[Event "SLO-ch U10"]
[Site "Murska Sobota"]
[Date "2006.02.26"]
[Round "1"]
[White "Harnik, Ziga"]
[Black "Bombek, Miha"]
[Result "0-1"]
[WhiteElo "1500"]
[BlackElo "1500"]
[PlyCount "86"]
[EventDate "2006.02.26"]
[EventType "swiss"]
[EventRounds "9"]
[EventCountry "SLO"]
[SourceTitle "EXT 2009"]
[Source "ChessBase"]
[SourceDate "2008.11.26"]
[SourceVersion "1"]
[SourceVersionDate "2008.11.26"]
[SourceQuality "1"]

1. e4 e5 2. Nf3 Nc6 3. Nc3 Nf6 4. Be2 Bc5 5. Nxe5 Nxe5 6. d4 Bxd4 7. Qxd4 Nc6 8. Qd1 0-0 9. 0-0 d6 10. Bg5 h6 11. Bh4 Be6 12. Nd5 Bxd5 13. exd5 Ne7 14. Bxf6 gxf6 15. Qd3 c6 16. dxc6 Nxc6 17. c3 Ne5 18. Qe4 d5 19. Qc2 Rc8 20. Qf5 Ng6 21. Bh5 Kg7 22. Rfd1 Rc5 23. Rab1 b6 24. Rbc1 d4 25. Qg4 f5 26. Qxd4+ Qxd4 27. cxd4 Rxc1 28. Rxc1 Nf4 29. Bf3 Re8 30. Kf1 Nd3 31. Rb1 Nb4 32. a3 Nd3 33. Be2 Nf4 34. Bb5 Rc8 35. Bd7 Rd8 36. Bxf5 Rxd4 37. g3 Nd5 38. Ke2 Nf6 39. Ke3 Rd6 40. b4 Nd5+ 41. Ke4 Rd8 42. Rd1 Nc3+ 43. Ke5 Nxd1 0-1